000 01454nam a2200325Ia 4500
001 ebr10071640
003 CaPaEBR
006 m u
007 cr cn|||||||||
008 050321s1996 dcu s 000 0 eng d
020 _z0309572495 (electronic bk.)
040 _aCaPaEBR
_cCaPaEBR
035 _a(OCoLC)58543944
050 1 4 _aRA440.5
_b.U85 1996eb
082 0 4 _a362.120973
_222
245 0 0 _aUsing performance monitoring to improve community health
_h[electronic resource] :
_bexploring the issuse : workshop sumary /
_cCommittee on Using Performance Monitoring to Improve Community Health ; Jane S. Durch.
260 _aWashington, D.C. :
_bInstitute of Medicine,
_c1996.
300 _avi, 59 p.
500 _aBobbie A. Berkowitz, Thomas S. Inui, Co-chair.
533 _aElectronic reproduction.
_bPalo Alto, Calif. :
_cebrary,
_d2009.
_nAvailable via World Wide Web.
_nAccess may be limited to ebrary affiliated libraries.
650 0 _aPublic health
_zUnited States.
655 7 _aElectronic books.
_2local
700 1 _aBerkowitz, Bobbie,
_d1950-
700 1 _aInui, Thomas S.
700 1 _aDurch, Jane.
710 2 _aInstitute of Medicine (U.S.)
710 2 _aInstitute of Medicine (U.S.).
_bCommittee on Using Performance Monitoring to Improve Community Health.
710 2 _aebrary, Inc.
856 4 0 _uhttp://site.ebrary.com/lib/rucke/Doc?id=10071640
_zAn electronic book accessible through the World Wide Web; click to view
999 _c44136
_d44136